000 00408nam a22001577a 4500
005 20160905154747.0
008 160905b xxu||||| |||| 00| 0 eng d
020 _a978-0-07-048677-5
041 _aeng
100 _aRogers,David F
_93505
245 _aMathematical Elements for Computer Graphics
260 _bTata Magraw Hill
_c2014
300 _a598
650 _aInformation Technology
_9137
942 _cBK
999 _c5204
_d5202